<?xml version="1.0" encoding="UTF-8"?>
<record
    xmlns:xsi="http://www.w3.org/2001/XMLSchema-instance"
    xsi:schemaLocation="http://www.loc.gov/MARC21/slim http://www.loc.gov/standards/marcxml/schema/MARC21slim.xsd"
    xmlns="http://www.loc.gov/MARC21/slim">

  <leader>01322na  a2200337   4500</leader>
  <controlfield tag="001">14745</controlfield>
  <controlfield tag="003">MIRAKIL</controlfield>
  <controlfield tag="005">20181213155141.0</controlfield>
  <controlfield tag="008">160918b        tu            000 0      </controlfield>
  <datafield tag="035" ind1=" " ind2=" ">
    <subfield code="a">14745</subfield>
  </datafield>
  <datafield tag="040" ind1=" " ind2=" ">
    <subfield code="a">Milas</subfield>
    <subfield code="b">tur</subfield>
    <subfield code="c">TR-AnCHP</subfield>
  </datafield>
  <datafield tag="082" ind1=" " ind2=" ">
    <subfield code="a">CHP 320.8</subfield>
    <subfield code="b">&#x130;77 2007</subfield>
  </datafield>
  <datafield tag="090" ind1=" " ind2=" ">
    <subfield code="a">CHP 320.8 &#x130;77 2007</subfield>
  </datafield>
  <datafield tag="245" ind1=" " ind2=" ">
    <subfield code="a">&#x130;stanbul &#xFC;st&#xFC;nde bir kara g&#xF6;lge</subfield>
    <subfield code="b">&#xFC;&#xE7; d&#xF6;nemde tek anlay&#x131;&#x15F; ayn&#x131; d&#xFC;&#x15F;&#xFC;nce</subfield>
    <subfield code="c">CHP &#x130;stanbul &#x130;l Ba&#x15F;kanl&#x131;&#x11F;&#x131;</subfield>
  </datafield>
  <datafield tag="246" ind1=" " ind2=" ">
    <subfield code="a">&#xDC;&#xE7; d&#xF6;nemde tek anlay&#x131;&#x15F; ayn&#x131; d&#xFC;&#x15F;&#xFC;nce</subfield>
  </datafield>
  <datafield tag="246" ind1=" " ind2=" ">
    <subfield code="a">&#x130;stanbul'um sana ne oldu?</subfield>
  </datafield>
  <datafield tag="260" ind1=" " ind2=" ">
    <subfield code="a">&#x130;stanbul</subfield>
    <subfield code="b">CHP &#x130;stanbul &#x130;l Ba&#x15F;kanl&#x131;&#x11F;&#x131;</subfield>
    <subfield code="c">2007</subfield>
  </datafield>
  <datafield tag="300" ind1=" " ind2=" ">
    <subfield code="a">204 s.</subfield>
    <subfield code="b">rnk. fotg.</subfield>
    <subfield code="c">22 sm.</subfield>
  </datafield>
  <datafield tag="500" ind1=" " ind2=" ">
    <subfield code="a">&#x130;&#xE7; kapak yap&#x131;t ad&#x131;: CHP &#x130;stanbul'da karanl&#x131;kla sava&#x15F;a devam ediyor! </subfield>
  </datafield>
  <datafield tag="500" ind1=" " ind2=" ">
    <subfield code="a">D&#x131;&#x15F; kapak yap&#x131;t ad&#x131;: &#x130;stanbul'um sana ne oldu?</subfield>
  </datafield>
  <datafield tag="610" ind1=" " ind2=" ">
    <subfield code="a">CHP</subfield>
    <subfield code="x">Raporlar</subfield>
    <subfield code="z">&#x130;stanbul</subfield>
  </datafield>
  <datafield tag="610" ind1=" " ind2=" ">
    <subfield code="a">CHP</subfield>
    <subfield code="x">AKP iktidar&#x131;</subfield>
    <subfield code="y">Ele&#x15F;tiriler</subfield>
  </datafield>
  <datafield tag="610" ind1=" " ind2=" ">
    <subfield code="a">AKP</subfield>
    <subfield code="x">Yerel y&#xF6;netim</subfield>
    <subfield code="y">Pazarlamac&#x131; belediyecilik</subfield>
  </datafield>
  <datafield tag="650" ind1=" " ind2=" ">
    <subfield code="a">Yerel y&#xF6;netimler</subfield>
    <subfield code="x">&#x130;stanbul B&#xFC;y&#xFC;k&#x15F;ehir Belediyesi</subfield>
  </datafield>
  <datafield tag="650" ind1=" " ind2=" ">
    <subfield code="a">AKP iktidar&#x131;</subfield>
    <subfield code="x">Kent politikas&#x131;</subfield>
    <subfield code="y">Ele&#x15F;tiriler</subfield>
  </datafield>
  <datafield tag="650" ind1=" " ind2=" ">
    <subfield code="a">AKP iktidar&#x131;</subfield>
    <subfield code="x">Yerel y&#xF6;netim</subfield>
    <subfield code="y">Ele&#x15F;tiriler</subfield>
  </datafield>
  <datafield tag="710" ind1=" " ind2=" ">
    <subfield code="a">Cumhuriyet Halk Partisi </subfield>
  </datafield>
  <datafield tag="710" ind1=" " ind2=" ">
    <subfield code="a">Adalet ve Kak&#x131;nma Partisi (AKP)</subfield>
  </datafield>
  <datafield tag="710" ind1=" " ind2=" ">
    <subfield code="a">&#x130;stanbul B&#xFC;y&#xFC;k&#x15F;ehir Belediyesi</subfield>
  </datafield>
  <datafield tag="942" ind1=" " ind2=" ">
    <subfield code="2">dcc</subfield>
    <subfield code="c">BKS</subfield>
  </datafield>
  <datafield tag="952" ind1=" " ind2=" ">
    <subfield code="5">1</subfield>
    <subfield code="a">0004</subfield>
    <subfield code="b">0004</subfield>
    <subfield code="d">2016-08-31</subfield>
    <subfield code="e">2</subfield>
    <subfield code="l">0</subfield>
    <subfield code="o">CHP 320.8 &#x130;77 2007</subfield>
    <subfield code="p">003096</subfield>
    <subfield code="r">2016-08-31 00:00:00</subfield>
    <subfield code="w">2016-08-31</subfield>
    <subfield code="y">BKS</subfield>
  </datafield>
  <datafield tag="999" ind1=" " ind2=" ">
    <subfield code="c">7525</subfield>
    <subfield code="d">7525</subfield>
  </datafield>
</record>
